Quiz di Geografia PRO #1 - Statistics

Statistiche generali
  • Questo quiz è stato fatto 87 volte
  • Il punteggio medio è 9 su 15
Statistiche sulle risposte
Domanda Risposta % Corretto
Quale paese possiede Kaliningrad? Russia
95%
Qual è l’unico paese sudamericano senza sbocco sull’oceano insieme alla Bolivia? Paraguay
76%
Nazione che confina con Francia e Brasile Suriname
76%
Quale capitale europea si trova più a nord? Reykjavík
73%
Quale paese europeo ha più confini terrestri? Germania
71%
Quale stretto separa Asia e Nord America? Stretto di Bering
68%
Qual è il paese con la linea di confine terrestre più lunga al mondo? Canada
67%
Qual è il fiume con la portata media più elevata al mondo? Rio delle Amazzoni
65%
Qual è il lago con la maggiore superficie al mondo? Mar Caspio
57%
Qual è il paese africano con più coste sull’Oceano Indiano? Mozambico
57%
Qual è la capitale più a sud del mondo tra quelle di stati sovrani? Wellington
48%
Quale paese ha più fusi orari ufficiali? Francia
47%
Qual è il paese più giovane del mondo (riconosciuto dall’ONU)? Sud Sudan
40%
Qual è il deserto più grande del mondo (considerando tutti i tipi)? Antartide
39%
Qual è il punto terrestre con la maggiore distanza dal centro della Terra? Monte Chimborazo
9%
Nessun quiz corrispondente trovato
Distribuzione punteggi
Percentuale di utenti per punteggio
Percentile per numero di risposta
I tuoi punteggi nel tempo
Non hai fatto questo quiz